Pressupost ordinari d'ingressos i despeses de la Casa de Caritat per a l'exercici de 1932
MARC
| LEADER | 00000nam a2200000Ia 4500 | ||
|---|---|---|---|
| 001 | 9957 | ||
| 003 | AGDB | ||
| 005 | 20260417122311.0 | ||
| 008 | 160829s1932] xx 000 0 cat d | ||
| 080 | |a S-1-154 | ||
| 110 | |a Casa de Caritat (Barcelona, Catalunya) |9 52406 | ||
| 245 | |a Pressupost ordinari d'ingressos i despeses de la Casa de Caritat per a l'exercici de 1932 | ||
| 260 | |a [Barcelona : |b s.n., |c 1932] | ||
| 300 | |a p. 199 a p.279 ; |c 22 cm | ||
| 590 | |a A la coberta : Pressupostos de la Casa de Caritat i de la Maternitat i Expòsits de Barcelona | ||
| 610 | 2 | 0 | |a Casa de Caritat (Barcelona, Catalunya) |x Assignacions pressupostàries i despeses |9 55727 |
| 610 | 2 | 0 | |a Casa de Maternitat i Expòsits de Barcelona |x Assignacions pressupostàries i despeses |9 55729 |
| 710 | |a Casa de Caritat (Barcelona, Catalunya) |9 52406 | ||
| 710 | 2 | |a Casa de Maternitat i Expòsits de Barcelona |9 52670 | |
| 856 | 4 | |u https://media.diba.cat/diba/fitxers/arxiu/llibresbib_9957_baixa.pdf |y Accés lliure | |
| 856 | 4 | 0 | |u https://www.diba.cat/documents/94831/401503169/bib_9957.pdf/7b6c8692-be54-a141-0a0b-e63705abd08d?t=1702289235368 |y Accés lliure |
| 900 | |a bib_9957_baixa.pdf | ||
| 901 | |a Arxiu | ||
| 942 | |n 1 |2 udc |c ARXIU | ||
| 952 | |0 0 |1 0 |4 0 |6 S1154 |7 1 |9 45568 |a Arxiu |b Arxiu |d 2016-12-01 |l 0 |o S-1-154 |p 9957 |r 2016-12-01 00:00:00 |w 2016-12-01 |y ARXIU | ||
| 999 | |c 48736 |d 48736 | ||